000 01663cam a22004694i 4500
003 PE-LiUPU
005 20250731165518.0
008 150623s1994 pe r 000 0 d
035 _a(Sirsi) a25373
040 _aPE-LiUPU
_bspa
_cPE-LiUPU
_erda
082 0 4 _a016.630 985
_bR714
_221
100 1 _aChang-Navarro Lévano, Lorenzo,
_eautor.
245 1 0 _aGestión integral de cuencas hidrográficas /
_cLorenzo Chang-Navarro Lévano.
264 1 _aLima :
_bComisión de Coordinación de Tecnología Andina CCTA,
_c1994.
300 _a162 páginas ;
_c21 cm.
336 _atext
_2rdacontent
337 _aunmediated
_2rdamedia
338 _avolume
_2rdacarrier
490 0 _aRecopilación y análisis de bibliografía temática ;
_v4
505 0 _aLa gestión integral de cuencas. Bibliografía recopilada.
526 _aSEG44
526 _aSEG26
526 _aP151
526 _aP150
526 _aP149
526 _aP146
526 _aP145
526 _aP126
526 _aP125
526 _aP92
526 _aP75
526 _aP74
526 _aP27
526 _aP15
650 0 4 _aCuencas hidrográficas
_xEstudio y enseñanza
_vBibliografías.
700 1 _aGallardo Marticorena, Mirella,
_eautor.
942 _2ddc
_cBOOK
949 _a016.630 985 R71 4
_wDEWEY
_c1
_i50467
_lCCODEBUL1
_mBUL
_p00.00
_r0
_sY
_tBOOK
_u2015-06-24
_xINGENIERIA
_zUNKNOWN
_0COMPRA
_o.STAFF. Colección General
596 _a1
999 _a016.630 985 R71 4
_wDEWEY
_c32287
_i50467
_f2021-11-4
_g6
_lCCODEBUL1
_mBUL
_p10.00
_r0
_sY
_tBOOK
_u2015-6-24
_xBIBLIOTECA
_zUNKNOWN
_0COMPRA
_o.STAFF. Colección General
_d32287
980 _81
_gALBERTO SANCHEZ Responsable de Automatización